| 000 | 00734nam a22002537a 4500 | ||
|---|---|---|---|
| 999 |
_c174018 _d174018 |
||
| 005 | 20200316102708.0 | ||
| 010 | _aENG-128038 | ||
| 020 |
_a9789387432628 _c865.00 |
||
| 035 | _aEN-111570 | ||
| 037 | _bDBAD/PUB | ||
| 082 | _a000 | ||
| 100 | _aMalhotra,Stalin | ||
| 245 |
_aStudy Package for NTSE: _cby Stalin Malhotra...[et all.] _bClass X/ |
||
| 250 | _a4th. | ||
| 260 |
_aChennai _bMC GRAW Hill Education _c2019 |
||
| 270 |
_a444/1,Sri Ekambarq Naicker Industrial Estate,Alapakkam _bChennai |
||
| 300 |
_avarious pages. _c24cm(pbk) |
||
| 700 | _aGulati,S.L | ||
| 700 | _aDhawan,Prem | ||
| 700 | _aGupta,Rachna | ||
| 700 | _aVinay Kumar | ||
| 700 | _aJoon,Sanjeev | ||
| 942 |
_2ddc _cEN _h000 _mMAL _e. |
||